[Event "XVIII Festival Conca della Presolana Magistrale"]
[Site "Bratto - Castione della Presolana ITA"]
[Date "1998.08.??"]
[Round "?"]
[White "Piantoni, Roberto"]
[Black "Satta, Vladimiro"]
[Result "0-1"]
[WhiteElo "2185"]
[BlackElo "2225"]
[PlyCount "70"]
[EventDate "1998.08.22"]

1. d4 d6 2. c4 e5 3. e3 Nd7 4. Nc3 g6 5. Nf3 Bg7 6. Be2 Ngf6 7. O-O O-O 8. b4
a5 9. b5 exd4 10. exd4 d5 11. Ba3 Re8 12. c5 c6 13. Rc1 Ne4 14. Na4 Rb8 15. Re1
g5 16. h3 Qf6 17. Rc2 h5 18. Bd3 g4 19. hxg4 hxg4 20. Ne5 Nxe5 21. dxe5 Qxe5
22. Bb2 Qg5 23. Bxg7 Qxg7 24. Bxe4 dxe4 25. bxc6 bxc6 26. Rc4 Bf5 27. Nb6 Rbd8
28. Qa4 g3 29. Rf1 e3 30. fxe3 Qh6 31. Rg4+ Bxg4 32. Qxg4+ Qg7 33. Qf3 Re6 34.
Nc4 Rh6 35. Nd6 Rh1+ 0-1

[Event "XVIII Festival Conca della Presolana Magistrale"]
[Site "Bratto - Castione della Presolana ITA"]
[Date "1998.08.??"]
[Round "?"]
[White "Piva, Giorgio"]
[Black "Machin, Guillaume"]
[Result "0-1"]
[WhiteElo "2165"]
[BlackElo "2045"]
[PlyCount "92"]
[EventDate "1998.08.22"]

1. d4 d5 2. Bg5 f6 3. Bh4 c5 4. dxc5 Nc6 5. e3 e5 6. Nc3 Be6 7. Nf3 Bxc5 8. Bb5
Nge7 9. O-O a6 10. Ba4 Qd7 11. Ne2 h5 12. b4 Bxb4 13. Bg3 Bd6 14. h4 Kf7 15. c3
b5 16. Bc2 Bc7 17. a4 Na5 18. axb5 axb5 19. Nd2 Qc6 20. f4 Kg8 21. fxe5 fxe5
22. Nf3 Nc4 23. Rxa8+ Qxa8 24. Qc1 Bb6 25. Ned4 exd4 26. exd4 Qd8 27. Ng5 Rh6
28. Nxe6 Rxe6 29. Qg5 Bc7 30. Qxh5 g6 31. Qg4 Bxg3 32. Qxg3 Ne3 33. Qh3 Qd6 34.
Re1 N3f5 35. Rf1 Qg3 36. Qxg3 Nxg3 37. Rf3 Ngf5 38. Bd3 b4 39. cxb4 Nxd4 40.
Rf4 Ne2+ 41. Bxe2 Rxe2 42. Rg4 Kh7 43. Rd4 Kg7 44. Rf4 Rb2 45. g4 Nc6 46. h5
Rxb4 0-1

[Event "XVIII Festival Conca della Presolana Magistrale"]
[Site "Bratto - Castione della Presolana ITA"]
[Date "1998.08.??"]
[Round "?"]
[White "Piva, Giorgio"]
[Black "Oppici, Gabriele"]
[Result "1/2-1/2"]
[WhiteElo "2165"]
[BlackElo "2085"]
[PlyCount "183"]
[EventDate "1998.08.22"]

1. d4 d6 2. Bg5 Nd7 3. c4 Ngf6 4. Nc3 c6 5. Nf3 Qc7 6. e4 e5 7. Be2 Be7 8. O-O
O-O 9. h3 Re8 10. d5 c5 11. Nd2 h6 12. Be3 Nh7 13. Nf3 a6 14. a3 Ndf8 15. b4 b6
16. Qd2 Bd7 17. Rfd1 Ng6 18. Rab1 Rab8 19. Rb2 Bf6 20. Rdb1 Nf4 21. Bf1 g5 22.
Rb3 h5 23. Qb2 g4 24. hxg4 hxg4 25. Nd2 Bd8 26. bxc5 dxc5 27. a4 Qd6 28. a5 Ng5
29. axb6 Kg7 30. Bxf4 Rh8 31. Bxe5+ Qxe5 32. Ne2 Bf6 33. Qxe5 Bxe5 34. Ng3 Bf4
35. R1b2 a5 36. b7 Rh6 37. Bd3 a4 38. Rb5 a3 39. Ra2 Bxg3 40. fxg3 Bxb5 41.
cxb5 Rxb7 42. Rxa3 Rhb6 43. Ra5 f5 44. exf5 Nf7 45. Be2 Nd6 46. Nc4 Nxc4 47.
Bxc4 Kf6 48. Bd3 Rd6 49. Ra1 Rbb6 50. Bc4 Ke5 51. Rd1 Rf6 52. Kf2 Rxf5+ 53. Ke3
Rff6 54. Rh1 Rh6 55. Rh4 Rxh4 56. gxh4 Rf6 57. Be2 g3 58. h5 Kxd5 59. Bf3+ Kc4
60. Bc6 Kc3 61. Ke4 Kb4 62. Ke5 Rh6 63. Kf4 c4 64. Kg5 c3 65. Be4 Rb6 66. Kg4
Rh6 67. Kxg3 Rxh5 68. b6 Rb5 69. Kf4 Kb3 70. Bd3 c2 71. Bxc2+ Kxc2 72. g4 Kd3
73. g5 Rxb6 74. Kf5 Rb5+ 75. Kf4 Rb1 76. Ke5 Re1+ 77. Kf5 Rf1+ 78. Ke5 Rg1 79.
Kf5 Kd4 80. g6 Kd5 81. Kf6 Rf1+ 82. Ke7 Rg1 83. Kf7 Rf1+ 84. Ke7 Re1+ 85. Kf7
Kd6 86. g7 Rf1+ 87. Ke8 Re1+ 88. Kf7 Re7+ 89. Kf8 Kd7 90. g8=Q Re8+ 91. Kg7
Rxg8+ 92. Kxg8 1/2-1/2

[Event "XVIII Festival Conca della Presolana Magistrale"]
[Site "Bratto - Castione della Presolana ITA"]
[Date "1998.08.??"]
[Round "?"]
[White "Piva, Giorgio"]
[Black "Ragonese, Lucio Rosario"]
[Result "1/2-1/2"]
[WhiteElo "2165"]
[BlackElo "2035"]
[PlyCount "81"]
[EventDate "1998.08.22"]

1. d4 g6 2. c4 Bg7 3. e4 d6 4. Nc3 Nf6 5. f3 c6 6. Be3 O-O 7. Qd2 e5 8. O-O-O
Qa5 9. Kb1 a6 10. h4 b5 11. h5 Nbd7 12. hxg6 fxg6 13. d5 b4 14. Nce2 cxd5 15.
cxd5 Bb7 16. Nc1 Qa4 17. Nb3 a5 18. Nh3 Rfc8 19. Bd3 Nf8 20. Rc1 Qd7 21. Rxc8
Bxc8 22. Bb6 a4 23. Na5 b3 24. a3 Ba6 25. Bxa6 Rxa6 26. Qb4 Bh6 27. Nf2 Bg5 28.
Nd1 Ne8 29. Nc6 Qc8 30. Be3 Bf6 31. Nc3 Qa8 32. Rc1 Ne6 33. Nb5 Nf4 34. Qd2 Ne6
35. dxe6 Rxc6 36. Nc3 Qc8 37. Qd5 Kg7 38. Rd1 Ra6 39. Qd3 Ra5 40. Qd2 Qxe6 41.
Nd5 1/2-1/2

[Event "XVIII Festival Conca della Presolana Magistrale"]
[Site "Bratto - Castione della Presolana ITA"]
[Date "1998.08.??"]
[Round "?"]
[White "Profumo, Alberto"]
[Black "Grosar, Aljosa"]
[Result "1/2-1/2"]
[WhiteElo "2240"]
[BlackElo "2450"]
[PlyCount "83"]
[EventDate "1998.08.22"]

1. Nf3 Nf6 2. g3 b5 3. Bg2 Bb7 4. O-O e6 5. b3 Be7 6. c4 bxc4 7. bxc4 O-O 8.
Nc3 Qc8 9. Rb1 Na6 10. d4 Ne4 11. Qc2 Nxc3 12. Qxc3 Be4 13. Rb3 c5 14. Ba3 d5
15. Ne5 Rd8 16. cxd5 Bxd5 17. Bxd5 Rxd5 18. Rc1 Bf6 19. Nf3 Bxd4 20. Nxd4 Rxd4
21. Bxc5 Qxc5 22. Qxc5 Nxc5 23. Rxc5 Ra4 24. a3 h6 25. h4 a6 26. Rc7 Rd8 27.
Rbb7 Rf8 28. Rc3 Ra5 29. Kg2 h5 30. Rbc7 Rd8 31. R7c5 Rd5 32. Rxd5 Rxd5 33. e4
Rd4 34. Kf3 Ra4 35. Ke3 e5 36. f3 g6 37. Kd3 f5 38. exf5 gxf5 39. Rc5 Rxa3+ 40.
Ke2 Ra2+ 41. Ke3 Ra3+ 42. Ke2 1/2-1/2

[Event "XVIII Festival Conca della Presolana Magistrale"]
[Site "Bratto - Castione della Presolana ITA"]
[Date "1998.08.??"]
[Round "?"]
[White "Profumo, Alberto"]
[Black "Lanzani, Mario"]
[Result "1/2-1/2"]
[WhiteElo "2240"]
[BlackElo "2395"]
[PlyCount "59"]
[EventDate "1998.08.22"]

1. Nf3 Nf6 2. g3 g6 3. Bg2 Bg7 4. d4 O-O 5. c4 d6 6. Nc3 Nc6 7. O-O a6 8. b3
Rb8 9. d5 Na5 10. Nd4 Bd7 11. Rb1 c5 12. dxc6 bxc6 13. e4 Ne8 14. Be3 Nc7 15.
Qd2 c5 16. Nde2 Nc6 17. Rbd1 Ne6 18. f4 Ncd4 19. h3 a5 20. Kh2 h6 21. Nb5 Nxb5
22. cxb5 Nd4 23. Nxd4 cxd4 24. Bxd4 Bxd4 25. Qxd4 Bxb5 26. Rfe1 Bc6 27. Rc1 Qb6
28. Qxb6 Rxb6 29. e5 Bxg2 30. Kxg2 1/2-1/2

[Event "XVIII Festival Conca della Presolana Magistrale"]
[Site "Bratto - Castione della Presolana ITA"]
[Date "1998.08.??"]
[Round "?"]
[White "Profumo, Alberto"]
[Black "Machin, Guillaume"]
[Result "1-0"]
[WhiteElo "2240"]
[BlackElo "2045"]
[PlyCount "73"]
[EventDate "1998.08.22"]

1. Nf3 d5 2. g3 c6 3. Bg2 Bg4 4. O-O Nd7 5. d4 Ngf6 6. Nbd2 e6 7. Re1 Bd6 8. e4
Nxe4 9. Nxe4 dxe4 10. Rxe4 Nf6 11. Re3 O-O 12. c4 Qc7 13. h3 Bxf3 14. Qxf3 Rfe8
15. Re2 Rac8 16. Be3 b6 17. c5 bxc5 18. dxc5 Be5 19. Rd1 Nd5 20. Bd4 Bxd4 21.
Rxd4 Rb8 22. Qa3 Rb5 23. Bxd5 cxd5 24. b4 Reb8 25. Qc3 a5 26. a3 Qc6 27. Rg4 g6
28. h4 axb4 29. axb4 Qa6 30. Rc2 Qa4 31. c6 Rc8 32. h5 Rb6 33. h6 Kf8 34. Rf4
e5 35. Qxe5 Rbxc6 36. Qg7+ Ke8 37. Rxf7 1-0

[Event "XVIII Festival Conca della Presolana Magistrale"]
[Site "Bratto - Castione della Presolana ITA"]
[Date "1998.08.??"]
[Round "?"]
[White "Profumo, Alberto"]
[Black "Soprano, Paolo"]
[Result "1-0"]
[WhiteElo "2240"]
[BlackElo "2028"]
[PlyCount "145"]
[EventDate "1998.08.22"]

1. Nf3 Nf6 2. g3 g6 3. d4 Bg7 4. Bg2 O-O 5. O-O d6 6. c4 Nbd7 7. Nc3 c6 8. e4
e5 9. h3 Qe7 10. d5 c5 11. Rb1 h6 12. a3 Ne8 13. Ne1 Nb6 14. Qe2 f5 15. exf5
Bxf5 16. Ne4 Nf6 17. g4 Bxe4 18. Bxe4 Nxe4 19. Qxe4 Kh7 20. Ng2 Bf6 21. b4 cxb4
22. Rxb4 Bg5 23. f4 exf4 24. Qxe7+ Bxe7 25. Bxf4 Rac8 26. Re1 Rf7 27. Re4 Rc7
28. Be3 Nc8 29. Nf4 Bg5 30. Kg2 Bxf4 31. Bxf4 Rce7 32. Rxe7 Rxe7 33. a4 b6 34.
Kf3 Rc7 35. Be3 a5 36. Rb5 Rxc4 37. Bxb6 Rxa4 38. Bxa5 Rc4 39. Rb7+ Kg8 40. Bb4
Rd4 41. Rb8 Kf7 42. Ke3 Rc4 43. Kd3 Rc7 44. h4 Kf6 45. Bc3+ Kf7 46. Bd4 h5 47.
gxh5 gxh5 48. Rb1 Ne7 49. Ke4 Rc2 50. Rf1+ Ke8 51. Bf6 Kd7 52. Rb1 Rc4+ 53. Kd3
Rc7 54. Bxe7 Kxe7 55. Re1+ Kd7 56. Rg1 Ke8 57. Rg5 Rh7 58. Ke4 Kf7 59. Kd4 Ke7
60. Rg6 Kd7 61. Ke4 Kc7 62. Kf5 Re7 63. Rg5 Kb6 64. Kg6 Kc5 65. Kxh5 Rh7+ 66.
Kg4 Kd4 67. Rh5 Re7 68. Rg5 Rh7 69. Rh5 Re7 70. Kf5 Re5+ 71. Kg6 Kxd5 72. Rf5
Ke6 73. Rxe5+ 1-0

[Event "XVIII Festival Conca della Presolana Magistrale"]
[Site "Bratto - Castione della Presolana ITA"]
[Date "1998.08.??"]
[Round "?"]
[White "Ragonese, Lucio Rosario"]
[Black "Braghetta, Sergio"]
[Result "0-1"]
[WhiteElo "2035"]
[BlackElo "2235"]
[PlyCount "88"]
[EventDate "1998.08.22"]

1. d4 d5 2. Nf3 Nf6 3. Bg5 Ne4 4. Bf4 c5 5. c3 Nc6 6. e3 g6 7. Nbd2 Qb6 8. Rb1
Bg4 9. Bd3 Nxd2 10. Qxd2 Bxf3 11. gxf3 Bg7 12. O-O O-O 13. Rfe1 Rad8 14. Bf1
Rfe8 15. Bg2 e6 16. Rbd1 Rd7 17. Qe2 Rc8 18. Bf1 a6 19. Rd2 Qa7 20. Bg3 Bf6 21.
Qd1 h5 22. h3 Rcd8 23. f4 b5 24. Bd3 Qb6 25. Kh1 b4 26. Rg1 Kf8 27. Qa4 Ra7 28.
Qc2 Ne7 29. Rb1 c4 30. Be2 Rb7 31. Rdd1 Qa5 32. cxb4 Rxb4 33. b3 cxb3 34. Rxb3
Ra4 35. Rd2 Rc8 36. Qb2 Nf5 37. Kg2 Kg7 38. Rb7 Nd6 39. Ra7 Rb4 40. Qa1 Rb6 41.
Rb2 Nc4 42. Bxc4 dxc4 43. Rb7 Rxb7 44. Rxb7 Qd5+ 0-1

[Event "XVIII Festival Conca della Presolana Magistrale"]
[Site "Bratto - Castione della Presolana ITA"]
[Date "1998.08.??"]
[Round "?"]
[White "Ragonese, Lucio Rosario"]
[Black "Caruso, Daniele"]
[Result "1-0"]
[WhiteElo "2035"]
[BlackElo "2135"]
[PlyCount "117"]
[EventDate "1998.08.22"]

1. d4 Nf6 2. Nf3 g6 3. Bg5 Bg7 4. Nbd2 c5 5. e3 d6 6. c3 Nc6 7. Bd3 O-O 8. Qc2
Be6 9. Bxf6 Bxf6 10. Ne4 Bg7 11. dxc5 dxc5 12. Nxc5 Bg4 13. Be2 Qc7 14. Nb3 a6
15. O-O b5 16. Nbd4 Na5 17. Qe4 Bxf3 18. Nxf3 Rab8 19. Rfd1 Nc4 20. Bxc4 bxc4
21. Rab1 Rb6 22. Nd4 Rd8 23. Qc2 Rc8 24. Rd2 Be5 25. g3 h5 26. Qe4 Rcb8 27. f4
Bf6 28. Qg2 e5 29. Ne2 Qc5 30. Qf2 exf4 31. exf4 Qf5 32. Qe1 Re8 33. Qd1 Qe4
34. Qc2 Qe3+ 35. Kg2 Rbe6 36. Nd4 Rd6 37. Re2 Bxd4 38. Rxe3 Bxe3 39. Qa4 Rd2+
40. Kh3 Re6 41. Qxc4 Ba7 42. b4 Bb6 43. a4 Ree2 44. Rh1 Kg7 45. Qxa6 Be3 46.
Qc4 Rb2 47. g4 Bf2 48. gxh5 gxh5 49. Rf1 Re3+ 50. Kg2 Bg3+ 51. Kg1 Bxh2+ 52.
Kh1 Ree2 53. Qd4+ Kg8 54. Qd8+ Kg7 55. Qg5+ Kf8 56. Rd1 Re8 57. Qh6+ Kg8 58.
Qxh5 Rf2 59. Qxh2 1-0

[Event "XVIII Festival Conca della Presolana Magistrale"]
[Site "Bratto - Castione della Presolana ITA"]
[Date "1998.08.??"]
[Round "?"]
[White "Ragonese, Lucio Rosario"]
[Black "Mauro, Alan"]
[Result "0-1"]
[WhiteElo "2035"]
[BlackElo "2260"]
[PlyCount "64"]
[EventDate "1998.08.22"]

1. d4 Nf6 2. Nf3 g6 3. Bg5 Bg7 4. Nbd2 O-O 5. e3 d6 6. Bd3 Nbd7 7. c3 c5 8. O-O
b6 9. Qe2 Bb7 10. Ba6 Qc8 11. Bxb7 Qxb7 12. Rfe1 Rac8 13. Rad1 b5 14. Rb1 Rfe8
15. Qd3 e5 16. dxe5 dxe5 17. e4 c4 18. Qc2 Nc5 19. h3 Nd3 20. Re3 Nc5 21. Bh4
Nh5 22. Ne1 Bh6 23. Re2 Nf4 24. Re3 Nfd3 25. Rf3 Nxe4 26. Nxe4 Qxe4 27. Bg3 Nc5
28. Qxe4 Nxe4 29. Rd1 f5 30. Rd5 Rcd8 31. Rxb5 Rd1 32. Kf1 Bd2 0-1

[Event "XVIII Festival Conca della Presolana Magistrale"]
[Site "Bratto - Castione della Presolana ITA"]
[Date "1998.08.??"]
[Round "?"]
[White "Ricci, Alfredo"]
[Black "Bossi, Alessandro"]
[Result "0-1"]
[WhiteElo "1962"]
[BlackElo "2110"]
[PlyCount "116"]
[EventDate "1998.08.22"]

1. e4 c6 2. d4 d5 3. Nd2 dxe4 4. Nxe4 Nf6 5. Ng3 h5 6. Nf3 h4 7. Ne2 Bf5 8. Nf4
e6 9. Bd3 Nbd7 10. Qe2 Bd6 11. Bxf5 Qa5+ 12. Bd2 Qxf5 13. Nd3 h3 14. g3 Qd5 15.
b3 O-O-O 16. c4 Qh5 17. Ng5 Qg6 18. f4 Rhe8 19. Bc3 e5 20. dxe5 Nxe5 21. Nxe5
Bxe5 22. Bxe5 Nd7 23. Nxf7 Qxf7 24. O-O Qf5 25. Rae1 g5 26. Qb2 g4 27. Qf2 b6
28. Qe3 Nc5 29. b4 Nd3 30. Re2 Nxb4 31. Qa3 a5 32. c5 Qd3 33. Qxd3 Nxd3 34.
cxb6 Kb7 35. Rb1 Rd5 36. Kf1 Nxe5 37. Rbe1 Kxb6 38. fxe5 Re6 39. Re4 Rd2 40.
R1e2 Rxe2 41. Kxe2 Kc5 42. Ke3 Kd5 43. Kf4 c5 44. Re2 c4 45. Rd2+ Kc5 46. Kf5
Re8 47. e6 c3 48. Re2 Kd4 49. Kxg4 Kd3 50. Re5 c2 51. Rc5 Rxe6 52. Kxh3 Re4 53.
Rxc2 Kxc2 54. g4 Kb2 55. Kg3 Kxa2 56. h4 Kb1 57. h5 a4 58. h6 a3 0-1

[Event "XVIII Festival Conca della Presolana Magistrale"]
[Site "Bratto - Castione della Presolana ITA"]
[Date "1998.08.??"]
[Round "?"]
[White "Ricci, Alfredo"]
[Black "Morandi, Maurizio"]
[Result "0-1"]
[WhiteElo "1962"]
[BlackElo "2115"]
[PlyCount "86"]
[EventDate "1998.08.22"]

1. e4 e5 2. Nf3 Nc6 3. Bc4 Nf6 4. O-O Bc5 5. c3 Qe7 6. d4 Bb6 7. d5 Nb8 8. Qd3
d6 9. a4 c6 10. Bg5 h6 11. Bh4 Nbd7 12. b4 Nf8 13. a5 Bc7 14. Nbd2 g5 15. Bg3
Ng6 16. Bb3 O-O 17. Rfd1 Nh5 18. dxc6 bxc6 19. Nc4 Ba6 20. Qd2 Rad8 21. Ne3 Bc8
22. Ne1 Qf6 23. N1c2 Nhf4 24. f3 h5 25. Bf2 Bb8 26. Ba4 Ne7 27. c4 Kh7 28. Kh1
Rg8 29. Rf1 Qh6 30. Ne1 Be6 31. Rd1 f6 32. Nf5 Nxf5 33. exf5 Bxc4 34. Nc2 Bxf1
35. Rxf1 Rc8 36. Bb3 d5 37. Be3 g4 38. g3 gxf3 39. Rxf3 Qg7 40. gxf4 exf4 41.
Bc5 Qg4 42. Ne1 Rce8 43. Rf1 Re2 0-1

[Event "XVIII Festival Conca della Presolana Magistrale"]
[Site "Bratto - Castione della Presolana ITA"]
[Date "1998.08.??"]
[Round "?"]
[White "Ricci, Alfredo"]
[Black "Schiappacasse, Marcello"]
[Result "1/2-1/2"]
[WhiteElo "1962"]
[BlackElo "2095"]
[PlyCount "146"]
[EventDate "1998.08.22"]

1. e4 c5 2. Nf3 e6 3. d4 cxd4 4. Nxd4 Nf6 5. Nc3 d6 6. Be2 a6 7. O-O Qc7 8. Be3
Bd7 9. f4 Nc6 10. f5 Nxd4 11. Bxd4 e5 12. Be3 Bc6 13. Bf3 Rc8 14. Rc1 Be7 15.
Qe2 b5 16. a3 Qb7 17. Bf2 O-O 18. g4 Rfd8 19. Rfd1 Nd7 20. h4 Nc5 21. g5 b4 22.
axb4 Qxb4 23. Rb1 Na4 24. Nxa4 Bxa4 25. b3 Bc6 26. c4 Rb8 27. Kh2 Kh8 28. Be3
Qa3 29. Qc2 Rb7 30. Bc1 Qc5 31. b4 Rxb4 32. Rxb4 Qxb4 33. Bh5 Ba4 34. Qd2 Qxc4
35. Re1 g6 36. f6 Bf8 37. Bf3 Qc2 38. Re2 Qxd2 39. Rxd2 Bb5 40. Bb2 h5 41. Bxe5
Bc6 42. Bc3 Kg8 43. Kg3 Rb8 44. Rb2 Rxb2 45. Bxb2 a5 46. Kf4 a4 47. Ke3 d5 48.
exd5 Bb5 49. Kd4 Bd6 50. Bd1 Kf8 51. Bc3 Bg3 52. Kc5 Bd7 53. Bd2 Bxh4 54. Bf4
Be1 55. Kd6 Ke8 56. Ke5 h4 57. Ke4 a3 58. Bc1 a2 59. Bb2 Bf5+ 60. Kf3 Bd2 61.
Bb3 Bb1 62. Kg4 Bc1 63. Ba4+ Kd8 64. Be5 h3 65. Kxh3 Bxg5 66. Kg4 Bd2 67. Bb3
Bb4 68. Kg5 Bd6 69. Bd4 Ke8 70. Kg4 Kf8 71. Bc4 Kg8 72. Kg5 Kh7 73. Bb3 Kg8
1/2-1/2

[Event "XVIII Festival Conca della Presolana Magistrale"]
[Site "Bratto - Castione della Presolana ITA"]
[Date "1998.08.??"]
[Round "?"]
[White "Rossi, Carlo"]
[Black "Gofshtein, Leonid D."]
[Result "0-1"]
[WhiteElo "2355"]
[BlackElo "2500"]
[PlyCount "78"]
[EventDate "1998.08.22"]

1. e4 c5 2. Nf3 e6 3. g3 Nc6 4. Bg2 Nf6 5. d3 d6 6. O-O Be7 7. c3 O-O 8. Re1
Bd7 9. Nbd2 Rc8 10. a3 b5 11. d4 cxd4 12. cxd4 e5 13. b4 Bg4 14. h3 Bh5 15. g4
Bg6 16. Bb2 Nd7 17. d5 Ncb8 18. Bf1 a6 19. a4 bxa4 20. Qxa4 h5 21. Qb3 Nf6 22.
Nh2 hxg4 23. hxg4 Nh7 24. Kg2 Bg5 25. Nc4 Nf6 26. f3 Bf4 27. Bd3 Bxh2 28. Kxh2
Nxg4+ 29. Kg3 Nf6 30. Rh1 Nh5+ 31. Rxh5 Bxh5 32. Rh1 Bg6 33. f4 f5 34. exf5
Bxf5 35. Nxe5 Qf6 36. Ng4 Qg6 37. Bxf5 Qxf5 38. Qf3 Nd7 39. Rh5 Qxh5 0-1

[Event "XVIII Festival Conca della Presolana Magistrale"]
[Site "Bratto - Castione della Presolana ITA"]
[Date "1998.08.??"]
[Round "?"]
[White "Rossi, Carlo"]
[Black "Gorelli Fagiolini, Marco"]
[Result "1-0"]
[WhiteElo "2355"]
[BlackElo "2235"]
[PlyCount "45"]
[EventDate "1998.08.22"]

1. c4 Nf6 2. Nc3 d5 3. cxd5 Nxd5 4. Qa4+ Nc6 5. Nf3 g6 6. Nxd5 Qxd5 7. e4 Qd6
8. Bc4 Bg7 9. d4 Bxd4 10. Nxd4 Qxd4 11. Be3 Qg7 12. O-O-O O-O 13. h4 h6 14. Bd5
Ne5 15. Bd4 e6 16. Bb3 f6 17. Bc5 Bd7 18. Bxf8 Bxa4 19. Bxg7 Bxb3 20. axb3 Kxg7
21. f4 Nf7 22. Rd7 Rc8 23. e5 1-0

[Event "XVIII Festival Conca della Presolana Magistrale"]
[Site "Bratto - Castione della Presolana ITA"]
[Date "1998.08.??"]
[Round "?"]
[White "Rossi, Carlo"]
[Black "Pantaleoni, Claudio"]
[Result "1-0"]
[WhiteElo "2355"]
[BlackElo "2220"]
[PlyCount "61"]
[EventDate "1998.08.22"]

1. Nf3 c5 2. g3 g6 3. Bg2 Bg7 4. O-O Nc6 5. e4 e6 6. c3 Nge7 7. Re1 O-O 8. d3
d5 9. Nbd2 b6 10. e5 Ba6 11. Nf1 Rc8 12. h4 b5 13. h5 d4 14. hxg6 Nxg6 15. Bg5
Qc7 16. cxd4 Nxd4 17. Nxd4 cxd4 18. Rc1 Qb8 19. Rxc8 Rxc8 20. Nh2 Nxe5 21. Bf4
f6 22. Bxe5 fxe5 23. Qg4 Re8 24. Qh5 Re7 25. Be4 Bh8 26. Ng4 Bb7 27. Qg5+ Kf8
28. Nf6 Bg7 29. Nxh7+ Ke8 30. Nf6+ Kd8 31. Ng8 1-0

[Event "XVIII Festival Conca della Presolana Magistrale"]
[Site "Bratto - Castione della Presolana ITA"]
[Date "1998.08.??"]
[Round "?"]
[White "Ruggeri, Pietro"]
[Black "Barbieri, Giovanni"]
[Result "1/2-1/2"]
[WhiteElo "2145"]
[BlackElo "2100"]
[PlyCount "91"]
[EventDate "1998.08.22"]

1. e4 e5 2. d4 exd4 3. Nf3 Nc6 4. Bc4 Nf6 5. e5 d5 6. Bb5 Ne4 7. O-O Bg4 8. h3
Bxf3 9. Qxf3 Bc5 10. Nd2 Ng5 11. Qd3 Ne6 12. Nb3 Bb6 13. a4 a6 14. Bxc6+ bxc6
15. a5 Ba7 16. Qxa6 Qd7 17. Qe2 O-O 18. a6 c5 19. Na5 f5 20. exf6 Rxf6 21. Nb7
Raf8 22. Ra3 c4 23. b4 d3 24. cxd3 Nd4 25. Qh5 Rf5 26. Qg4 h5 27. Qd1 Nb5 28.
Nc5 Qf7 29. Ra1 cxd3 30. Qxd3 Rxf2 31. Be3 Rxf1+ 32. Rxf1 Qxf1+ 33. Qxf1 Rxf1+
34. Kxf1 Kf7 35. Ke2 c6 36. Kd3 Ke8 37. g4 hxg4 38. hxg4 Nc7 39. Ne6 Nxe6 40.
Bxa7 Nc7 41. b5 cxb5 42. Bd4 Nxa6 43. Bxg7 Kf7 44. Bh6 Ke6 45. Kd4 Nb4 46. Bf8
1/2-1/2

[Event "XVIII Festival Conca della Presolana Magistrale"]
[Site "Bratto - Castione della Presolana ITA"]
[Date "1998.08.??"]
[Round "?"]
[White "Ruggeri, Pietro"]
[Black "Bossi, Alessandro"]
[Result "1/2-1/2"]
[WhiteElo "2145"]
[BlackElo "2110"]
[PlyCount "26"]
[EventDate "1998.08.22"]

1. e4 e5 2. d4 exd4 3. Nf3 Nc6 4. Bc4 Nf6 5. e5 Ne4 6. Bd5 Nc5 7. O-O Be7 8.
Nxd4 Nxd4 9. Qxd4 O-O 10. Nc3 c6 11. Bf3 d6 12. exd6 Qxd6 13. Qxd6 Bxd6 1/2-1/2

[Event "XVIII Festival Conca della Presolana Magistrale"]
[Site "Bratto - Castione della Presolana ITA"]
[Date "1998.08.??"]
[Round "?"]
[White "Ruggeri, Pietro"]
[Black "Cazzaniga, Walter"]
[Result "1/2-1/2"]
[WhiteElo "2145"]
[BlackElo "2165"]
[PlyCount "105"]
[EventDate "1998.08.22"]

1. e4 e6 2. Nf3 d5 3. e5 c5 4. b4 cxb4 5. d4 Nc6 6. a3 bxa3 7. Nxa3 a6 8. Bd3
Bd7 9. O-O b5 10. c3 h6 11. Nc2 Na5 12. Ba3 Nc4 13. Bxf8 Kxf8 14. Qc1 Ne7 15.
Nd2 g6 16. Nb3 Kg7 17. Nc5 a5 18. Qf4 Be8 19. Qf6+ Kh7 20. Ne3 Nc6 21. Qxd8
Rxd8 22. Ng4 Rc8 23. Nf6+ Kg7 24. Bxc4 dxc4 25. Nb7 b4 26. Nd6 Rb8 27. cxb4
axb4 28. Nfxe8+ Rhxe8 29. Nxe8+ Rxe8 30. Rfd1 Rd8 31. Ra6 Nxe5 32. Kf1 Nd3 33.
Ke2 Rxd4 34. Ke3 e5 35. Rc6 b3 36. Rb6 h5 37. g3 g5 38. f4 gxf4+ 39. gxf4 Rxf4
40. h3 b2 41. Rg1+ Kf8 42. Rb7 Nf2 43. Rxb2 Ne4 44. Rb5 f6 45. Rb7 Nd6 46. Rh7
Nf5+ 47. Kd2 Rf3 48. Ra1 Kg8 49. Rc7 c3+ 50. Ke1 Ng7 51. Raa7 Rg3 52. Kf2 Rg6
53. Rxc3 1/2-1/2

[Event "XVIII Festival Conca della Presolana Magistrale"]
[Site "Bratto - Castione della Presolana ITA"]
[Date "1998.08.??"]
[Round "?"]
[White "Ruggeri, Pietro"]
[Black "De Barberis, Massimo"]
[Result "1-0"]
[WhiteElo "2145"]
[BlackElo "2110"]
[PlyCount "95"]
[EventDate "1998.08.22"]

1. e4 c5 2. Nf3 d6 3. Bb5+ Nc6 4. O-O a6 5. Bxc6+ bxc6 6. b3 Nf6 7. Re1 e5 8.
c3 Bg4 9. h3 Bxf3 10. Qxf3 Be7 11. d3 O-O 12. Nd2 Ne8 13. Nc4 Bg5 14. Qf5 Bxc1
15. Raxc1 Nc7 16. Ne3 Ne6 17. g3 g6 18. Qf3 Kg7 19. h4 h5 20. Rf1 a5 21. a4 Rb8
22. Rb1 Rb7 23. Rb2 Qe7 24. Rfb1 Rfb8 25. Nc2 Qd8 26. Ne3 Qc7 27. Kg2 Rh8 28.
Kf1 Qe7 29. Ke2 Rhb8 30. Kd2 Rh8 31. Kc2 Nc7 32. Nc4 Ra7 33. Ne3 Qe6 34. Rg1
Rb7 35. Nc4 Ra7 36. g4 hxg4 37. Rxg4 Kf8 38. Qg3 Ke7 39. f4 exf4 40. Qxf4 Rh5
41. Rg5 Rxg5 42. hxg5 Ne8 43. Rb1 f5 44. Rh1 Kf8 45. Rh8+ Kg7 46. Qh4 Kf7 47.
Qh7+ Ng7 48. Qg8+ 1-0

[Event "XVIII Festival Conca della Presolana Magistrale"]
[Site "Bratto - Castione della Presolana ITA"]
[Date "1998.08.??"]
[Round "?"]
[White "Ruzzier, Dario"]
[Black "Collutiis, Duilio"]
[Result "0-1"]
[WhiteElo "2090"]
[BlackElo "2185"]
[PlyCount "56"]
[EventDate "1998.08.22"]

1. d4 Nf6 2. c4 e6 3. Nc3 d5 4. Bg5 Be7 5. e3 c6 6. Nf3 Nbd7 7. Qc2 O-O 8.
O-O-O dxc4 9. Bxc4 h6 10. h4 Nd5 11. Bxe7 Qxe7 12. g4 Nxc3 13. Qxc3 Nb6 14. g5
h5 15. Bb3 Nd5 16. Qc5 Qc7 17. Ne5 g6 18. Qc2 Ne7 19. Kb1 b6 20. Rd3 c5 21. Rc3
Bb7 22. e4 Qd6 23. Nf3 Qf4 24. Re1 cxd4 25. Nxd4 Rfd8 26. Nf3 Rac8 27. Rxc8
Rxc8 28. Qe2 Bxe4+ 0-1

[Event "XVIII Festival Conca della Presolana Magistrale"]
[Site "Bratto - Castione della Presolana ITA"]
[Date "1998.08.??"]
[Round "?"]
[White "Ruzzier, Dario"]
[Black "Piva, Giorgio"]
[Result "1-0"]
[WhiteElo "2090"]
[BlackElo "2165"]
[PlyCount "53"]
[EventDate "1998.08.22"]

1. d4 d5 2. c4 dxc4 3. Nf3 Nf6 4. e3 e6 5. Bxc4 c5 6. O-O a6 7. a4 Nc6 8. Nc3
cxd4 9. exd4 Nb4 10. Re1 Be7 11. Bg5 O-O 12. Qe2 Nfd5 13. Bxe7 Nxe7 14. Rad1
Ned5 15. Ne4 b6 16. Ne5 Bb7 17. Qh5 Nf4 18. Qg4 Nbd5 19. Ng5 Nxg2 20. Nexf7
Rxf7 21. Nxf7 Qc7 22. Nh6+ Kh8 23. Qxe6 Nxe1 24. Rxe1 Nf6 25. Nf7+ Kg8 26. Nd8+
Kf8 27. Qxf6+ 1-0

[Event "XVIII Festival Conca della Presolana Magistrale"]
[Site "Bratto - Castione della Presolana ITA"]
[Date "1998.08.??"]
[Round "?"]
[White "Ruzzier, Dario"]
[Black "Trentini, Danilo"]
[Result "1-0"]
[WhiteElo "2090"]
[BlackElo "2165"]
[PlyCount "66"]
[EventDate "1998.08.22"]

1. d4 Nf6 2. c4 e6 3. Nc3 Bb4 4. e3 c5 5. Nf3 d6 6. Bd3 Bxc3+ 7. bxc3 Nc6 8.
O-O e5 9. Ng5 O-O 10. f4 Re8 11. fxe5 dxe5 12. Ne4 Nxe4 13. Bxe4 Qe7 14. Bd5
Be6 15. Bxe6 fxe6 16. d5 Rad8 17. e4 Na5 18. Qg4 exd5 19. cxd5 Qc7 20. Qe2 b6
21. c4 Nb7 22. Bb2 Nd6 23. Rf3 Qe7 24. Raf1 Qh4 25. Re3 Qg5 26. Rff3 Qe7 27.
Rh3 Qf7 28. Rh5 Qf6 29. Rf3 Qg6 30. Rxe5 Nxe4 31. Re3 Rxe5 32. Bxe5 Nf6 33.
Bxf6 gxf6 1-0